000
00239 a2200109 4500
001
63391
082
_a
358.414 WAR
090
_c
37442
_d
37442
100
_a
Warden, J.A
245
_a
The Air Compaign
_h
English
260
_b
PAF Book Club
942
_a
CAE NUST
_k
358.414 WAR
999
_c
298464
_d
298464